Kiss from a Rose - Seal (Lyrics) - Statistics

General Stats
  • This quiz has been taken 28 times
    19 since last reset
  • The average score is 294 of 388
Answer Stats
Lyrics % Correct
a
100%
A
100%
from
100%
I
100%
I,
100%
kiss
100%
light
100%
My
100%
my
100%
on
100%
rose
100%
the
100%
The
100%
to
100%
To
100%
you
100%
you,
100%
You
100%
be
94%
that
94%
And
88%
and
88%
Baby,
88%
baby
88%
baby?
88%
can
88%
in
88%
is
88%
shine
88%
when
88%
he
81%
me
81%
me,
81%
There
81%
it
75%
of
75%
pain,
75%
pain
75%
remain
75%
say
75%
seen?
75%
tell
75%
used
75%
your
75%
become
69%
bloom
69%
compare
69%
eyes
69%
know
69%
like
69%
much
69%
now
69%
Now
69%
pleasure,
69%
power,
69%
so
69%
So
69%
you're
69%
can't
63%
dark
63%
did
63%
grey
63%
hits
63%
Love
63%
side
63%
feels,
56%
get
56%
large
56%
more
56%
snows
56%
stranger
56%
addiction
50%
alone
50%
became
50%
been
50%
But
50%
by
50%
I've
50%
sea
50%
yeah
50%
deny
44%
deny,
44%
gloom
44%
man
44%
not
44%
Ooh,
44%
tower
44%
drug
38%
kissed
38%
that's
31%
Won't
31%
greying
25%
pill
25%
remained
25%
Yes,
25%
high
19%
ba-da-da-da-da-da,
13%
Ba-ya-ya,
13%
ba-ya-ya
13%
healthy,
13%
growing
6%
No matching quizzes found
Score Distribution
Percent of People with Each Score
Percentile by Number Answered
Your Score History
You have not taken this quiz since the last reset